[Event "Madrid-ch final"]
[Site "Madrid"]
[Date "2026.05.23"]
[Round "1.1"]
[White "Martinez Rubi, Alberto"]
[Black "Plazuelo Pascual, Juan"]
[Result "0-1"]
[WhiteElo "2035"]
[BlackElo "2443"]
[WhiteFideId "-1"]
[BlackFideId "-1"]
[PlyCount "88"]
[GameId "2312918513230328"]
[EventDate "2026.05.23"]
[EventType "swiss"]
[EventRounds "8"]
[EventCountry "ESP"]

1. e4 e6 2. d4 d5 3. Nd2 c5 4. dxc5 Bxc5 5. Bd3 Nf6 6. Qe2 Nc6 7. Ngf3 Nb4 8. O-O O-O 9. e5 Nxd3 10. cxd3 Nd7 11. Nb3 Be7 12. Be3 a5 13. a4 b6 14. Rfd1 Ba6 15. Bd4 Bb4 16. Qe3 Qb8 17. h4 Qb7 18. h5 h6 19. g4 Rac8 20. Kh2 Nc5 21. Nbd2 Nxd3 22. Rg1 f6 23. exf6 Bd6+ 24. Kh3 Nf4+ 25. Kh4 gxf6 26. g5 fxg5+ 27. Nxg5 Qe7 28. Ndf3 Rf5 29. Rae1 Kf8 30. Rg4 hxg5+ 31. Kg3 Nxh5+ 32. Kg2 Nf4+ 33. Kg1 Nh3+ 34. Kg2 Nf4+ 35. Kg1 Ke8 36. Bxb6 Nh3+ 37. Kg2 Nf4+ 38. Kg1 e5 39. Bxa5 Rc4 40. Nd2 Rxa4 41. Qb6 Ne2+ 42. Kf1 Rxg4 43. Qxa6 Ng3+ 44. Kg2 Ne4+ 0-1

[Event "Madrid-ch final"]
[Site "Madrid"]
[Date "2026.05.23"]
[Round "1.2"]
[White "Quispe Arteaga, Gabriel"]
[Black "Arevillca Colque, Jonatan"]
[Result "1-0"]
[WhiteElo "2431"]
[BlackElo "2034"]
[WhiteFideId "-1"]
[BlackFideId "-1"]
[PlyCount "111"]
[GameId "2312925312000945"]
[EventDate "2026.05.23"]
[EventType "swiss"]
[EventRounds "8"]
[EventCountry "ESP"]

1. c4 e5 2. g3 Nc6 3. Bg2 g6 4. Nc3 Bg7 5. e3 Nge7 6. Nge2 d6 7. d3 O-O 8. Rb1 a5 9. a3 Be6 10. Nd5 Bxd5 11. cxd5 Nb8 12. Nc3 c6 13. O-O Nd7 14. b4 Qc7 15. Bd2 axb4 16. dxc6 bxc6 17. axb4 Rab8 18. Qc2 Rfc8 19. Rfc1 Qd8 20. Qa2 Nf6 21. Na4 Nd7 22. Qc2 Nb6 23. Bh3 Rc7 24. Nb2 Nbd5 25. Nc4 Rcb7 26. Na5 Rb6 27. Qa4 Qc7 28. Bg2 Rb5 29. Bxd5 Rxd5 30. Nxc6 Nxc6 31. Rxc6 Qb7 32. Rbc1 Rxd3 33. Be1 Bf8 34. e4 d5 35. Rc7 Qb5 36. Qa7 Rf3 37. exd5 Rd8 38. Rc8 Qxd5 39. Rxd8 Qxd8 40. Qb7 Rd3 41. b5 Rd1 42. Rxd1 Qxd1 43. Qe4 Qd6 44. Bc3 f6 45. Qc4+ Kg7 46. Ba5 Qc5 47. Qd3 Qd6 48. Qe4 f5 49. Qb7+ Kg8 50. Qc6 Kf7 51. Qc4+ Kg7 52. Bc7 Qd1+ 53. Kg2 Bd6 54. b6 Bxc7 55. bxc7 f4 56. c8=Q 1-0

[Event "Madrid-ch final"]
[Site "Madrid"]
[Date "2026.05.23"]
[Round "1.3"]
[White "Carrasco Coquillat, Alvaro"]
[Black "Almagro Llamas, Pablo"]
[Result "0-1"]
[WhiteElo "2034"]
[BlackElo "2423"]
[WhiteFideId "-1"]
[BlackFideId "-1"]
[PlyCount "158"]
[GameId "2312966349373559"]
[EventDate "2026.05.23"]
[EventType "swiss"]
[EventRounds "8"]
[EventCountry "ESP"]

1. d4 Nf6 2. c4 e6 3. Nf3 b6 4. g3 Bb7 5. Bg2 Bb4+ 6. Bd2 Be7 7. O-O O-O 8. Nc3 Ne4 9. d5 Nd6 10. b3 f5 11. Rc1 a5 12. Bf4 Na6 13. Nd4 Qc8 14. e4 fxe4 15. Nxe4 Nxe4 16. Bxe4 Nc5 17. Bb1 Rxf4 18. gxf4 Qf8 19. Rc3 Qxf4 20. Qh5 Ne4 21. Rf3 Qg5+ 22. Qxg5 Nxg5 23. Rd3 exd5 24. f4 dxc4 25. bxc4 Ne4 26. h3 Rf8 27. Nb5 Nc5 28. Rdd1 c6 29. Nd6 Ba6 30. Nf5 Bd8 31. Ne3 Bc7 32. f5 Re8 33. Rf3 Bd8 34. Rg3 Bh4 35. Rg4 Bf6 36. Rg3 h5 37. Rf3 Kf7 38. Kf2 Bh4+ 39. Kg2 Bg5 40. Kf2 Bf6 41. Kg2 b5 42. cxb5 Bxb5 43. Rc1 Bd4 44. Nc4 Re2+ 45. Kg3 Kf6 46. Rf4 Be3 47. Nxe3 Rxe3+ 48. Rf3 h4+ 49. Kf2 Re2+ 50. Kg1 Ne4 51. Bxe4 Rxe4 52. Rc2 Re1+ 53. Kh2 d5 54. Rg2 d4 55. Rg6+ Kf7 56. Rd6 d3 57. a4 Bc4 58. Rfxd3 Bxd3 59. Rxd3 Re2+ 60. Kg1 Re5 61. Rd6 Rxf5 62. Rxc6 Rf4 63. Ra6 Rxa4 64. Kg2 Ra3 65. Rc6 a4 66. Rc4 g5 67. Rc5 Rg3+ 68. Kh2 a3 69. Ra5 Ke7 70. Ra6 Kd7 71. Ra5 Kc6 72. Ra4 Kb5 73. Ra8 Kb4 74. Rb8+ Kc3 75. Ra8 Kb2 76. Rb8+ Rb3 77. Re8 a2 78. Re2+ Ka3 79. Re8 Rb2+ 0-1

[Event "Madrid-ch final"]
[Site "Madrid"]
[Date "2026.05.23"]
[Round "1.4"]
[White "Lianes Garcia, Marcos"]
[Black "Perdomo Araujo, Angel Eduardo"]
[Result "1-0"]
[WhiteElo "2391"]
[BlackElo "2027"]
[WhiteFideId "-1"]
[BlackFideId "-1"]
[PlyCount "77"]
[GameId "2312921890321304"]
[EventDate "2026.05.23"]
[EventType "swiss"]
[EventRounds "8"]
[EventCountry "ESP"]

1. Nf3 Nf6 2. c4 g6 3. Nc3 Bg7 4. e4 d6 5. d4 O-O 6. h3 b6 7. Be2 Bb7 8. Qc2 Nc6 9. Be3 e5 10. d5 Nb4 11. Qb1 a5 12. g4 Nd7 13. a3 Na6 14. b4 axb4 15. axb4 Nab8 16. Rxa8 Bxa8 17. h4 Nf6 18. Nd2 Qc8 19. Rg1 Na6 20. h5 Bb7 21. Qb3 Qd7 22. h6 Bh8 23. g5 Nh5 24. c5 bxc5 25. bxc5 Bc8 26. Bg4 Qd8 27. Bxh5 gxh5 28. c6 Bh3 29. Rg3 Qc8 30. Nb5 h4 31. Na7 hxg3 32. Nxc8 gxf2+ 33. Bxf2 Bxc8 34. Qa3 f5 35. exf5 Rxf5 36. Ne4 Rf4 37. Nxd6 cxd6 38. Qxd6 Kf7 39. Qd8 1-0

[Event "Madrid-ch final"]
[Site "Madrid"]
[Date "2026.05.23"]
[Round "1.6"]
[White "Suarez Uriel, Adrian"]
[Black "Vazquez Gonzalez, Jesus"]
[Result "1-0"]
[WhiteElo "2376"]
[BlackElo "2021"]
[WhiteFideId "-1"]
[BlackFideId "-1"]
[PlyCount "61"]
[GameId "2312890776712012"]
[EventDate "2026.05.23"]
[EventType "swiss"]
[EventRounds "8"]
[EventCountry "ESP"]

1. e4 c6 2. d4 d5 3. e5 c5 4. dxc5 Nc6 5. f4 e6 6. Be3 d4 7. Bf2 Bxc5 8. Nd2 Nge7 9. Ne4 Qa5+ 10. Qd2 Qxd2+ 11. Kxd2 Bb4+ 12. Kc1 O-O 13. Nf3 Rd8 14. a3 Ba5 15. b4 Bb6 16. Bb5 Nd5 17. g3 Nc3 18. Nxc3 dxc3 19. Bxb6 axb6 20. Bxc6 bxc6 21. Rd1 Rxd1+ 22. Kxd1 Ba6 23. Ke1 Rd8 24. Rd1 Rd5 25. Nd4 c5 26. Ne2 Bxe2 27. Kxe2 Kf8 28. Rxd5 exd5 29. bxc5 bxc5 30. a4 Ke7 31. a5 1-0

[Event "Madrid-ch final"]
[Site "Madrid"]
[Date "2026.05.23"]
[Round "1.7"]
[White "Anton Veiga, Juan Carlos"]
[Black "Horcajuelo Rocamora, Martin"]
[Result "0-1"]
[WhiteElo "2016"]
[BlackElo "2370"]
[WhiteFideId "-1"]
[BlackFideId "-1"]
[PlyCount "38"]
[GameId "2312889434292898"]
[EventDate "2026.05.23"]
[EventType "swiss"]
[EventRounds "8"]
[EventCountry "ESP"]

1. e4 c5 2. Nf3 d6 3. d4 cxd4 4. Nxd4 Nf6 5. Nc3 a6 6. Bg5 Nbd7 7. f4 Qc7 8. Qf3 h6 9. Bh4 g5 10. fxg5 hxg5 11. Bg3 Ne5 12. Bxe5 dxe5 13. Nf5 g4 14. Qf2 Bxf5 15. Qxf5 Qb6 16. O-O-O Rh5 17. Nd5 Bh6+ 18. Kb1 Nxd5 19. Qxh5 Nc3+ 0-1

[Event "Madrid-ch final"]
[Site "Madrid"]
[Date "2026.05.23"]
[Round "1.8"]
[White "Rey Martinez, Jaime"]
[Black "Carela Ferrer, Francisco Javier"]
[Result "1-0"]
[WhiteElo "2359"]
[BlackElo "2013"]
[WhiteFideId "-1"]
[BlackFideId "-1"]
[PlyCount "55"]
[GameId "2312909789192429"]
[EventDate "2026.05.23"]
[EventType "swiss"]
[EventRounds "8"]
[EventCountry "ESP"]

1. d4 Nf6 2. Nc3 d5 3. Bf4 c6 4. e3 Bf5 5. f3 h5 6. Bd3 e6 7. e4 dxe4 8. fxe4 Bg4 9. Qd2 h4 10. h3 Bh5 11. Nge2 Bb4 12. Qe3 Nbd7 13. a3 Ba5 14. b4 Bb6 15. e5 Bxe2 16. Bxe2 Nd5 17. Nxd5 cxd5 18. O-O Qe7 19. Kh1 O-O-O 20. Rab1 Rdg8 21. a4 g5 22. Bh2 Bc7 23. a5 Rf8 24. c4 f5 25. cxd5 exd5 26. e6 Nf6 27. Bxc7 Kxc7 28. Qe5+ 1-0

[Event "Madrid-ch final"]
[Site "Madrid"]
[Date "2026.05.23"]
[Round "1.9"]
[White "Gonzalez Peiro, Lukas"]
[Black "Rodriguez Rodriguez, Javier"]
[Result "0-1"]
[WhiteElo "2001"]
[BlackElo "2313"]
[WhiteFideId "-1"]
[BlackFideId "-1"]
[PlyCount "70"]
[GameId "2312911924044059"]
[EventDate "2026.05.23"]
[EventType "swiss"]
[EventRounds "8"]
[EventCountry "ESP"]

1. e4 e6 2. d4 a6 3. c4 d6 4. Nc3 Nd7 5. f4 e5 6. Nf3 exd4 7. Nxd4 g6 8. Be2 Bg7 9. O-O Ngf6 10. Bf3 Nc5 11. Be3 Qe7 12. e5 dxe5 13. Nc6 bxc6 14. Bxc6+ Bd7 15. Bxa8 c6 16. fxe5 Ng4 17. Bd4 Nxe5 18. Bxe5 Bxe5 19. Qf3 O-O 20. Bxc6 Bxc6 21. Qxc6 Nd3 22. Ne4 Bd4+ 23. Kh1 Ne5 24. Nf6+ Kg7 25. Qxa6 Nd3 26. Nd5 Qe2 27. Nf4 Nf2+ 28. Rxf2 Qxf2 29. Nd3 Qd2 30. Qa3 Re8 31. Qb3 Re2 32. Rd1 Rxg2 33. Nf2 Qxf2 34. Qh3 Rg1+ 35. Rxg1 Qxg1# 0-1

[Event "Madrid-ch final"]
[Site "Madrid"]
[Date "2026.05.23"]
[Round "1.10"]
[White "Candela Perez, Jose"]
[Black "Alvarez Abejon, Amilcar"]
[Result "1-0"]
[WhiteElo "2309"]
[BlackElo "1995"]
[WhiteFideId "-1"]
[BlackFideId "-1"]
[PlyCount "67"]
[GameId "2312926539740097"]
[EventDate "2026.05.23"]
[EventType "swiss"]
[EventRounds "8"]
[EventCountry "ESP"]

1. e4 e5 2. Nf3 Nc6 3. Bc4 Be7 4. d4 exd4 5. Nxd4 Nf6 6. Nxc6 bxc6 7. e5 Nd5 8. Bxd5 cxd5 9. Qxd5 Rb8 10. O-O Rb6 11. b3 Bb7 12. Qd3 Rg6 13. f3 Bc5+ 14. Kh1 O-O 15. Be3 Qe7 16. Nd2 Ba6 17. c4 Qxe5 18. Bxc5 Qxc5 19. Qxd7 Qg5 20. Rf2 Rd6 21. Qa4 Rxd2 22. Rxd2 Qxd2 23. Qxa6 Qd4 24. Re1 Qd2 25. Rg1 Qf2 26. Qa5 Re8 27. h3 g6 28. Qxc7 Qxa2 29. b4 Re2 30. c5 Qc4 31. Rb1 Qc2 32. Ra1 Qc4 33. Rxa7 Rb2 34. Ra8+ 1-0

[Event "Madrid-ch final"]
[Site "Madrid"]
[Date "2026.05.23"]
[Round "1.11"]
[White "Ochoa Gonzalez, Hugo"]
[Black "Torres Rebolledo, Alvaro"]
[Result "0-1"]
[WhiteElo "1993"]
[BlackElo "2307"]
[WhiteFideId "-1"]
[BlackFideId "-1"]
[PlyCount "184"]
[GameId "2312928983856100"]
[EventDate "2026.05.23"]
[EventType "swiss"]
[EventRounds "8"]
[EventCountry "ESP"]

1. e4 c6 2. d4 d5 3. f3 e6 4. Nc3 Bb4 5. Bd2 Ne7 6. a3 Ba5 7. Bd3 Nd7 8. e5 Bxc3 9. bxc3 a5 10. a4 b6 11. f4 Ba6 12. Be3 c5 13. Bxa6 Rxa6 14. g4 h5 15. g5 g6 16. Rb1 Nf5 17. Qe2 Qc8 18. Kf2 cxd4 19. cxd4 Ra7 20. Nf3 Rc7 21. Rhc1 Rc4 22. Ra1 O-O 23. Ra3 Qc6 24. c3 Rxa4 25. Rxa4 Qxa4 26. c4 Nxe3 27. Qxe3 Rc8 28. cxd5 Qa2+ 29. Kg3 Rxc1 30. Qxc1 Qxd5 31. Qc7 a4 32. Qa7 b5 33. Qa5 Nf8 34. Kf2 Qa2+ 35. Nd2 Qb2 36. Ke3 a3 37. Ne4 a2 38. Nf6+ Kg7 39. Ne8+ Kg8 40. Nf6+ Kh8 41. Qa8 Qc1+ 42. Ke2 Qc2+ 43. Ke3 Qc3+ 44. Ke2 Qc4+ 45. Ke3 Qb3+ 46. Ke2 Qb4 47. Qxa2 Qxd4 48. Qa8 Qc4+ 49. Kd1 Qd4+ 50. Ke2 Qc4+ 51. Kd1 Qd3+ 52. Kc1 Qe3+ 53. Kc2 Qc5+ 54. Kb3 Qc4+ 55. Kb2 Qb4+ 56. Kc2 Qc5+ 57. Kb3 b4 58. Kb2 Qd4+ 59. Kb1 Qg1+ 60. Kb2 Qxh2+ 61. Kb1 Qg1+ 62. Kb2 Qf2+ 63. Kb1 Qe1+ 64. Kb2 Qc3+ 65. Kb1 Qb3+ 66. Ka1 Qa3+ 67. Qxa3 bxa3 68. Ka2 h4 69. Kxa3 Nd7 70. Ng4 Nb6 71. Nf2 Kg8 72. Kb3 Kf8 73. Kc2 Nd5 74. Nh3 Ne3+ 75. Kd3 Nf5 76. Nf2 Ke7 77. Nh3 Kd7 78. Nf2 Kc6 79. Kc4 Ng3 80. Nh3 Nh5 81. Kd4 Kb5 82. Ke3 Kc4 83. Ke4 Ng3+ 84. Ke3 Kc3 85. Ng1 Nf5+ 86. Ke4 Kd2 87. Kf3 Kd3 88. Nh3 Nd4+ 89. Kg4 Ke3 90. Ng1 Kf2 91. Nh3+ Kg2 92. f5 exf5+ 0-1

[Event "Madrid-ch final"]
[Site "Madrid"]
[Date "2026.05.23"]
[Round "1.12"]
[White "Roa Alonso, Santiago"]
[Black "Jimenez Carrazoni, Marta Elena"]
[Result "1-0"]
[WhiteElo "2304"]
[BlackElo "1986"]
[WhiteFideId "-1"]
[BlackFideId "-1"]
[PlyCount "65"]
[GameId "2312910678593804"]
[EventDate "2026.05.23"]
[EventType "swiss"]
[EventRounds "8"]
[EventCountry "ESP"]

1. e4 c5 2. Nf3 d6 3. c3 Nf6 4. h3 Nc6 5. Bd3 e6 6. O-O Be7 7. Re1 O-O 8. Bf1 a6 9. d4 d5 10. e5 Ne4 11. Nbd2 cxd4 12. cxd4 Nxd2 13. Bxd2 f6 14. exf6 Bxf6 15. Bc3 b5 16. a3 Qd6 17. Qd2 Bd7 18. Qe3 Rae8 19. Rad1 Bd8 20. Ne5 Bc7 21. f4 Bb6 22. Bd3 Rf6 23. g3 Qc7 24. Kg2 Ref8 25. Ng4 R6f7 26. Bb1 e5 27. Nxe5 Nxe5 28. Qxe5 Qc8 29. Kh2 h6 30. Qxd5 Kh8 31. Qh5 Bc7 32. d5 Qb8 33. Qxh6+ 1-0

[Event "Madrid-ch final"]
[Site "Madrid"]
[Date "2026.05.23"]
[Round "1.14"]
[White "Vargas Rodriguez, Wilver"]
[Black "Sanchez Rodriguez, Jaime"]
[Result "1-0"]
[WhiteElo "2268"]
[BlackElo "1971"]
[WhiteFideId "-1"]
[BlackFideId "-1"]
[PlyCount "71"]
[GameId "2312977984991404"]
[EventDate "2026.05.23"]
[EventType "swiss"]
[EventRounds "8"]
[EventCountry "ESP"]

1. d4 Nf6 2. Nf3 g6 3. Bg5 Bg7 4. Nc3 d5 5. e3 O-O 6. h4 Bg4 7. Qd2 Nbd7 8. Nh2 Be6 9. f3 h6 10. Bf4 Nh5 11. O-O-O c5 12. Ne2 Qb6 13. g4 Nxf4 14. Nxf4 cxd4 15. exd4 Rac8 16. c3 Rc6 17. Kb1 Rfc8 18. Ka1 Nf8 19. Be2 a5 20. Nf1 a4 21. a3 Qb3 22. Rc1 Bd7 23. Ne3 e6 24. Nd3 Qb6 25. f4 Qc7 26. h5 Be8 27. g5 hxg5 28. fxg5 Qe7 29. Ng4 Nd7 30. Nde5 Nxe5 31. dxe5 R6c7 32. Nf6+ Bxf6 33. gxf6 Qf8 34. Bd3 d4 35. hxg6 fxg6 36. Qh2 1-0

[Event "Madrid-ch final"]
[Site "Madrid"]
[Date "2026.05.23"]
[Round "1.16"]
[White "Lozano Ramirez, Nestor Favian"]
[Black "Gonzalez Jimenez, Marcos Valerio"]
[Result "1-0"]
[WhiteElo "2230"]
[BlackElo "1967"]
[WhiteFideId "-1"]
[BlackFideId "-1"]
[PlyCount "83"]
[GameId "2312901397415149"]
[EventDate "2026.05.23"]
[EventType "swiss"]
[EventRounds "8"]
[EventCountry "ESP"]

1. c4 e6 2. g3 Nf6 3. Bg2 d5 4. Nf3 Be7 5. O-O O-O 6. b3 b6 7. cxd5 Nxd5 8. d4 Bb7 9. Bb2 Nd7 10. Re1 c5 11. e4 N5f6 12. Nc3 cxd4 13. Nxd4 Ne5 14. Qe2 Bc5 15. Red1 Bxd4 16. Nb5 Bxb2 17. Rxd8 Bxa1 18. Rxf8+ Rxf8 19. Qd1 Bb2 20. Qd2 Rc8 21. Qxb2 Nd3 22. Qd4 Nc1 23. Qd2 Ba6 24. Bf1 Nxe4 25. Qd7 Nc5 26. Qxa7 Bxb5 27. Bxb5 h5 28. b4 N5d3 29. Qd7 Rc3 30. Bxd3 Nxd3 31. Qe8+ Kh7 32. Qxf7 Kh6 33. Qxe6+ Kh7 34. Qxb6 h4 35. Qd4 Rc1+ 36. Kg2 Ne1+ 37. Kh3 hxg3 38. hxg3 g6 39. Qd7+ Kh8 40. Qe8+ Kg7 41. Qe7+ Kg8 42. Qf6 1-0

[Event "Madrid-ch final"]
[Site "Madrid"]
[Date "2026.05.23"]
[Round "1.17"]
[White "Moreno Torrero, Javier"]
[Black "Perez Gonzalez, Jose Manuel"]
[Result "0-1"]
[WhiteElo "1953"]
[BlackElo "2217"]
[WhiteFideId "-1"]
[BlackFideId "-1"]
[PlyCount "62"]
[GameId "2312893978317747"]
[EventDate "2026.05.23"]
[EventType "swiss"]
[EventRounds "8"]
[EventCountry "ESP"]

1. b3 e5 2. Bb2 Nc6 3. e3 Nf6 4. Bb5 Bd6 5. d3 O-O 6. Nf3 Ne7 7. d4 e4 8. Ne5 c6 9. Be2 Bc7 10. c4 d6 11. Ng4 Nxg4 12. Bxg4 Bxg4 13. Qxg4 f5 14. Qe2 d5 15. Nc3 f4 16. g3 fxe3 17. fxe3 Qd7 18. O-O-O Rf3 19. Rdf1 Raf8 20. Rxf3 exf3 21. Qf2 dxc4 22. bxc4 Qe6 23. c5 Ba5 24. Kb1 Bxc3 25. Bxc3 Nd5 26. Bd2 Nf6 27. Bc1 Qe4+ 28. Qc2 Qxc2+ 29. Kxc2 f2 30. Kd3 Ng4 31. Ke2 Nxh2 0-1

[Event "Madrid-ch final"]
[Site "Madrid"]
[Date "2026.05.23"]
[Round "1.18"]
[White "Roquero Redondo, Miguel"]
[Black "Silvan Bueno, Fernando"]
[Result "1-0"]
[WhiteElo "2214"]
[BlackElo "1934"]
[WhiteFideId "-1"]
[BlackFideId "-1"]
[PlyCount "73"]
[GameId "2312915887116746"]
[EventDate "2026.05.23"]
[EventType "swiss"]
[EventRounds "8"]
[EventCountry "ESP"]

1. e4 c6 2. d4 d5 3. e5 c5 4. Nf3 Bg4 5. dxc5 e6 6. c3 Bxf3 7. Qxf3 Bxc5 8. Qg3 Bf8 9. Bd3 Ne7 10. Nd2 Nbc6 11. O-O Ng6 12. Nf3 Be7 13. Re1 Bh4 14. Qh3 Kd7 15. b4 Rc8 16. a4 Kc7 17. a5 Kb8 18. Bd2 Be7 19. a6 b6 20. b5 Na5 21. Rab1 Nc4 22. Bxc4 Rxc4 23. Nd4 Qc7 24. Qf3 Bc5 25. Nc6+ Ka8 26. g3 Rc8 27. Qh5 h6 28. Be3 Ne7 29. Bxc5 bxc5 30. Nxa7 g6 31. Qf3 Rb8 32. Nc6 Nxc6 33. bxc6 Re4 34. Rxb8+ Qxb8 35. Rxe4 Qb1+ 36. Kg2 Qxe4 37. Qxe4 1-0

[Event "Madrid-ch final"]
[Site "Madrid"]
[Date "2026.05.23"]
[Round "1.19"]
[White "De Vicente Guijarro, Juan"]
[Black "Portero Rubio, Martin"]
[Result "0-1"]
[WhiteElo "1920"]
[BlackElo "2201"]
[WhiteFideId "-1"]
[BlackFideId "-1"]
[PlyCount "96"]
[GameId "2312979262693585"]
[EventDate "2026.05.23"]
[EventType "swiss"]
[EventRounds "8"]
[EventCountry "ESP"]

1. e4 c5 2. Nf3 d6 3. d4 cxd4 4. Nxd4 Nf6 5. Nc3 Nc6 6. Be2 e5 7. Nf3 Be6 8. O-O d5 9. exd5 Nxd5 10. Nxd5 Qxd5 11. Be3 Qxd1 12. Rfxd1 f6 13. Nd2 O-O-O 14. c3 Be7 15. b4 Kc7 16. a4 f5 17. f3 Rd7 18. Bc4 Bd5 19. Kf1 Rhd8 20. Ke2 b6 21. Bxd5 Rxd5 22. Nc4 Bf6 23. b5 Rxd1 24. Rxd1 Rxd1 25. Kxd1 Ne7 26. Bd2 g6 27. Ne3 Kd6 28. Kc2 Nd5 29. c4 Nf4 30. Bb4+ Ke6 31. g3 Ne2 32. Nd5 Bd8 33. Kd3 Nd4 34. f4 Nf3 35. fxe5 Nxe5+ 36. Kc3 Ng4 37. Nf4+ Ke5 38. c5 Nxh2 39. c6 g5 40. Nd3+ Ke6 41. Kd4 Nf1 42. Be1 Bc7 43. a5 Nxg3 44. axb6 axb6 45. Nb4 Ne4 46. Nc2 h5 47. Ne3 h4 48. Nf1 h3 0-1

[Event "Madrid-ch final"]
[Site "Madrid"]
[Date "2026.05.23"]
[Round "1.21"]
[White "Hernandez Yanez, Javier"]
[Black "Grabuzova, Tatiana"]
[Result "0-1"]
[WhiteElo "1916"]
[BlackElo "2183"]
[WhiteFideId "-1"]
[BlackFideId "-1"]
[PlyCount "50"]
[GameId "2312914510111141"]
[EventDate "2026.05.23"]
[EventType "swiss"]
[EventRounds "8"]
[EventCountry "ESP"]

1. e4 e6 2. d4 d5 3. e5 c5 4. c3 Nc6 5. Nf3 Bd7 6. a3 c4 7. Nbd2 Na5 8. Rb1 Qc7 9. g3 O-O-O 10. h4 f6 11. Bh3 Nh6 12. Nf1 Nf7 13. exf6 gxf6 14. Qe2 e5 15. Bxd7+ Qxd7 16. dxe5 fxe5 17. Be3 Nb3 18. N1d2 Nc5 19. Bxc5 Bxc5 20. Rd1 e4 21. Nd4 Ne5 22. O-O Qh3 23. Rfe1 Bxd4 24. cxd4 Ng4 25. Nf1 Rhf8 0-1

[Event "Madrid-ch final"]
[Site "Madrid"]
[Date "2026.05.23"]
[Round "1.22"]
[White "Palenciano Escolar, Adrian"]
[Black "Escriva De Romani Querejeta, Bel"]
[Result "1-0"]
[WhiteElo "2181"]
[BlackElo "1894"]
[WhiteFideId "-1"]
[BlackFideId "-1"]
[PlyCount "86"]
[GameId "2312917472031199"]
[EventDate "2026.05.23"]
[EventType "swiss"]
[EventRounds "8"]
[EventCountry "ESP"]

1. e4 Nf6 2. e5 Nd5 3. c4 Nb6 4. d4 d6 5. exd6 cxd6 6. Nc3 g6 7. Be3 Bg7 8. Rc1 O-O 9. b3 e5 10. dxe5 dxe5 11. Qxd8 Rxd8 12. c5 N6d7 13. Bc4 Nc6 14. Nf3 h6 15. Ne4 Nf8 16. Nd6 Ne6 17. Nd2 Rb8 18. N2e4 Bd7 19. O-O Kf8 20. f3 f5 21. Nc3 Ncd4 22. Bxe6 Bxe6 23. Rfd1 Nc6 24. Nd5 Rd7 25. a3 Nd4 26. Bxd4 exd4 27. Nf4 Bxb3 28. Nxg6+ Kg8 29. Rd3 Ba4 30. Nxf5 Bf6 31. h4 Rc8 32. Nf4 b6 33. Nxh6+ Kh7 34. Ng4 Bxh4 35. c6 Rxc6 36. Rxc6 Bxc6 37. Ne5 Rd6 38. Nxc6 Rxc6 39. Rxd4 Bg3 40. Ne2 Bd6 41. Ra4 a5 42. Rh4+ Kg6 43. Rg4+ Kf5 1-0

[Event "Madrid-ch final"]
[Site "Madrid"]
[Date "2026.05.23"]
[Round "1.23"]
[White "Garcia Merino, Daniel Alejandro"]
[Black "Fernandez De Bobadilla, Gabriel"]
[Result "0-1"]
[WhiteElo "1883"]
[BlackElo "2176"]
[WhiteFideId "-1"]
[BlackFideId "-1"]
[PlyCount "66"]
[GameId "2312981465026794"]
[EventDate "2026.05.23"]
[EventType "swiss"]
[EventRounds "8"]
[EventCountry "ESP"]

1. d4 Nf6 2. Bf4 e6 3. Nf3 Be7 4. e3 Nh5 5. Be5 d6 6. Bg3 Nd7 7. Bd3 b6 8. Be4 Nxg3 9. hxg3 Rb8 10. c3 c5 11. d5 e5 12. Qa4 b5 13. Qc2 g6 14. Nh4 Nf6 15. Nd2 Nxe4 16. Nxe4 O-O 17. Nd2 Bf6 18. e4 Bd7 19. b3 Qe7 20. c4 a6 21. Ke2 Bg7 22. Rh2 f5 23. Rah1 Rf7 24. exf5 gxf5 25. g4 fxg4 26. Ng6 Qf6 27. Rxh7 Qxf2+ 28. Kd1 Bf5 29. Qc3 Bxg6 30. R7h2 b4 31. Qb2 g3 32. Rh3 Qxg2 33. Qa1 Rbf8 0-1

[Event "Madrid-ch final"]
[Site "Madrid"]
[Date "2026.05.23"]
[Round "1.24"]
[White "Hernandez Ramos, David"]
[Black "Fernandez Rodriguez, Juan"]
[Result "1-0"]
[WhiteElo "2167"]
[BlackElo "1860"]
[WhiteFideId "-1"]
[BlackFideId "-1"]
[PlyCount "42"]
[GameId "2312889868341941"]
[EventDate "2026.05.23"]
[EventType "swiss"]
[EventRounds "8"]
[EventCountry "ESP"]

1. d4 d5 2. c4 c6 3. e3 Nf6 4. Nf3 Bf5 5. Nc3 e6 6. Be2 h6 7. O-O Bd6 8. Ne5 Nbd7 9. f4 Ne4 10. Bd2 Ndf6 11. Be1 Nxc3 12. bxc3 Ne4 13. Rb1 Bxe5 14. fxe5 Qg5 15. Rf4 Qe7 16. cxd5 Nxc3 17. Bxc3 Bxb1 18. d6 Qd8 19. Qxb1 Qb6 20. d7+ Kxd7 21. Rxf7+ Kd8 1-0

[Event "Madrid-ch final"]
[Site "Madrid"]
[Date "2026.05.23"]
[Round "1.25"]
[White "Pintado Perzanowska, Alan"]
[Black "Alvarez Lee, Felix"]
[Result "0-1"]
[WhiteElo "1839"]
[BlackElo "2164"]
[WhiteFideId "-1"]
[BlackFideId "-1"]
[PlyCount "168"]
[GameId "2312982208766203"]
[EventDate "2026.05.23"]
[EventType "swiss"]
[EventRounds "8"]
[EventCountry "ESP"]

1. e4 c5 2. Nc3 Nc6 3. g3 g6 4. Bg2 Bg7 5. Nge2 d6 6. O-O e6 7. d3 Nge7 8. f4 h5 9. Rb1 Rb8 10. a3 b6 11. Kh1 Bb7 12. Bd2 Nd4 13. Nxd4 cxd4 14. Ne2 d5 15. c3 dxe4 16. dxe4 dxc3 17. Nxc3 O-O 18. Qe2 Nc6 19. Be3 Qe7 20. Rfd1 Rfd8 21. e5 Na5 22. Ne4 Bd5 23. Nd6 Bxg2+ 24. Qxg2 Nb7 25. Ne4 Rxd1+ 26. Rxd1 Rd8 27. Rg1 Rd3 28. Qe2 Qd7 29. Nd6 Qc6+ 30. Rg2 Rb3 31. Nxb7 Qxb7 32. h4 Qe4 33. Bc1 Qxe2 34. Rxe2 Rxg3 35. Kh2 Rg4 36. Kh3 Bf8 37. Rg2 Rxg2 38. Kxg2 Be7 39. Kg3 Kf8 40. b4 Ke8 41. Bb2 Kd7 42. b5 Ke8 43. a4 Kf8 44. Bc3 Kg7 45. a5 bxa5 46. Bxa5 Bc5 47. Kf3 Kf8 48. Be1 Ke7 49. Bc3 Kd7 50. Ba5 Kc8 51. Kg3 Kb7 52. Kf3 Bb6 53. Bb4 Bd8 54. Bc5 Bxh4 55. Kg2 a6 56. bxa6+ Kxa6 57. Kh3 Be1 58. Be3 Kb5 59. Kg2 Kc4 60. Kf3 Kd3 61. Bg1 Bc3 62. Bf2 f6 63. exf6 Bxf6 64. Bg1 e5 65. fxe5 Bxe5 66. Be3 Kc4 67. Ke4 Bf6 68. Bc1 Kc5 69. Ba3+ Kc6 70. Bb4 h4 71. Ba3 Be5 72. Kf3 h3 73. Bc1 Kd5 74. Kf2 Ke4 75. Kg1 Kf3 76. Kh1 Bf4 77. Bb2 g5 78. Bf6 g4 79. Bh4 Be3 80. Kh2 Bf2 81. Bg5 g3+ 82. Kxh3 g2 83. Be3 g1=Q 84. Bxf2 Qh1# 0-1

[Event "Madrid-ch final"]
[Site "Madrid"]
[Date "2026.05.23"]
[Round "1.26"]
[White "Blazquez Sanz, Oscar"]
[Black "Quiroga Andres, Carlos"]
[Result "1-0"]
[WhiteElo "2157"]
[BlackElo "1830"]
[WhiteFideId "-1"]
[BlackFideId "-1"]
[PlyCount "87"]
[GameId "2312984405565706"]
[EventDate "2026.05.23"]
[EventType "swiss"]
[EventRounds "8"]
[EventCountry "ESP"]

1. e4 e6 2. d4 d5 3. Nc3 Bb4 4. e5 c5 5. a3 Bxc3+ 6. bxc3 Qc7 7. Qg4 f5 8. Qg3 cxd4 9. Ne2 Ne7 10. Qxg7 Rg8 11. Qxh7 dxc3 12. f4 Bd7 13. a4 Nbc6 14. Ba3 Qb6 15. h4 Rg4 16. Rh3 d4 17. Rd3 Nb4 18. Bxb4 Qxb4 19. Rxd4 Qc5 20. Rd6 Rd8 21. Qh8+ Rg8 22. Qh5+ Rg6 23. Rad1 Qc8 24. Ng1 Kf7 25. Nf3 Rh8 26. Ng5+ Kg7 27. Qf3 Bc6 28. Qg3 Bd5 29. Be2 Qc5 30. Kf1 Bc4 31. Bxc4 Qxc4+ 32. R1d3 Qa2 33. Rd7 Qa3 34. Nxe6+ Kh6 35. Ng5 Rhg8 36. h5 Rb6 37. R3d6+ Rg6 38. Rxg6+ Rxg6 39. hxg6 Qc1+ 40. Kf2 Qxc2+ 41. Kg1 Qb1+ 42. Kh2 Kxg6 43. Rxe7 c2 44. Nf3+ 1-0